El cooperativismo en el aula; manual para docentes /
Guardado en:
| Autor Principal: | |
|---|---|
| Formato: | Libro |
| Publicado: |
Argentina :
Intercoop,
1987
|
| Edición: | 3 |
| Series: | Manuales, 12
|
| Materias: | |
| Etiquetas: |
Agregar Etiqueta
Sin Etiquetas, Sea el primero en etiquetar este registro!
|
| LEADER | 00642nam a22002175a 4500 | ||
|---|---|---|---|
| 001 | CEM.cems003117 | ||
| 005 | 19000101000000.0 | ||
| 008 | 130507s1987##################000#0#####d | ||
| 003 | CEMS | ||
| 082 | 0 | 4 | |a 371 |
| 100 | 1 | |a Gómez Uria, María Argentina | |
| 245 | 1 | 0 | |a El cooperativismo en el aula; manual para docentes / |c María Argentina Gómez Uria |
| 250 | |a 3 | ||
| 260 | |a Argentina : |b Intercoop, |c 1987 | ||
| 300 | |a 300 p. | ||
| 490 | 0 | |a Manuales, 12 | |
| 653 | |a Cooperativas escolares | ||
| 653 | |a Cooperativismo | ||
| 653 | |a Cooperativismo escolar | ||
| 653 | |a Educacion | ||
| 859 | |a CEMS |b BIB. CEMS - 11 de abril |h 371 |i G586 |p 15406.89 |t Ej.1 | ||
